000
00292nam a22001337a 4500
008
180131b xxu||||| |||| 00| 0 eng d
020
_a
0931948991
041
_a
eng
080
_a
574
100
_a
9
101
_a
MJE
245
_a
The peachtree garden book
_c
Henderson,E
942
_2
udc
_c
BK
999
_c
41328
_d
41328